A-Z Monde Agricole - Statistiques

Statistiques générales
  • Ce quiz a été pris 129 fois
  • Le résultat moyen est 11 sur 26
Statistiques - réponses
Lettres indices Réponses % Correct
W N/A N/A
83%
Y N/A N/A
83%
O Céréale cultivée principalement pour la production de fourrage, de bière, et de farine Orge
76%
C Combinaison de travail Cotte
73%
L Action de retourner la terre pour aérer le sol, enfouir les résidus de cultures précédentes et préparer le terrain pour les semis. Labour
69%
I Système d'apport d'eau aux cultures Irrigation
67%
A Type de machines utilisées pour récolter les pommes de terres, betteraves ou encore le lin Arracheuse
63%
J Terre laissée en repos pendant une période, souvent pour lui permettre de se régénérer naturellement Jachère
60%
M Nom générique d'une série de maladies affectant de nombreuses espèces de plantes notamment les pommes de terres Mildiou
50%
G Petit élément mécanique pouvant servir à maintenir une attache entre le tracteur et l'outil. Peut faire mal aux doigts, surtout l'hiver. Goupille
49%
K Marque de tracteur souvent critiquée Kubota
47%
R Outil lourd, souvent utilisé après le semis ou la plantation, pour compacter le sol et assurer un bon contact entre les graines et la terre Rouleau
43%
E Machine utilisée pour tailler les haies ou couper l’herbe en bord de route ou de champ Epareuse
41%
P Pièce mécanique permettant de transmettre le couple d'un moteur à un outil mécanique, permettant ainsi la mise en mouvement de cet outil Prise de Force
39%
T Partie de la moissonneuse ou est stocké le grain dans l'attente du déchargement Trémie
33%
H Outil de travail du sol servant généralement à préparer les semis Herse Rotative
30%
V Instrument aratoire destiné au travail superficiel du sol, à dents vibrantes Vibroculteur
30%
X Gamme de tracteur Claas Xerion
27%
D Outil permettant de nourrir ou de pailler les animaux Désileuse
24%
U Engrais azoté couramment utilisé pour fertiliser les sols Urée
23%
N Processus biologique où les bactéries transforment l'azote contenu dans le sol en nitrates Nitrification
21%
S Pièce travaillante destinée à fendre le sol, d'instrument aratoire Soc
21%
Z Constructeur de matériels agricoles tchèque Zetor
20%
F Souvent utilisée comme engrais vert, riche en azote elle peut aussi être ajoutée dans l'alimentation des animaux. Féverole
11%
B Chaussure indispensable dans la garde robe d'un agriculteur Bateau
7%
Q Unité de mesure utilisée pour évaluer le rendement des cultures agricoles Quintaux à l’hectare
3%
Aucun quiz correspondant
Distribution des résultats
% des personnes avec chaque résultat
Percentile par nombre de réponses
Votre historique - résultats
Vous n’avez pas pris ce quiz